• 首页
  • 本馆介绍
  • 公告通知
  • 最新文献
  • 馆藏检索
  • 电子资源
  • 读者导购
  • 参考咨询
  • 我的图书馆
  • 登录
  • 详细信息显示
  • 放入我的书架
  • 预约/预借图书
  • 作者相关作品
  • 分类相关作品
  • 丛书相关作品
  • 出版社相关作品

书目信息

  • 表格格式
  • 工作单格式
  • 卡片格式
题名:
畜禽粪便污染的农业系统控制模拟及系统防控对策
    
 
作者: 柳建国 编著
分册:  
出版信息: 合肥   合肥工业大学出版社  2013.09
页数: 137页
开本: 23cm
丛书名:
单 册:
中图分类: X713
科图分类:
主题词: 畜禽--粪便污染--农业系统--控制系统--研究 , 畜禽 , 粪便污染 , 农业系统 , 控制系统
电子资源:
ISBN: 978-7-5650-1522-9
000 01188nam0 2200301 450
001 0120131153967
005 20140610090337.78
010    @a978-7-5650-1522-9@dCNY30.00
100    @a20131025d2013 em y0chiy0110 ea
101 0  @achi@aeng
102    @aCN@b340000
105    @aafk z 000yy
106    @ar
200 1  @a畜禽粪便污染的农业系统控制模拟及系统防控对策@9xu qin fen bian wu ran de nong ye xi tong kong zhi mo ni ji xi tong fang kong dui ce@dResearch on prevention and control system of livestock and poultry excreta@f柳建国编著@zeng
210    @a合肥@c合肥工业大学出版社@d2013.09
215    @a137页@c图,照片@d23cm
330    @a本书共分为八章,主要内容包括:背景分析;研究方法和技术路线;农田畜禽粪便安全经济承载力研究;畜禽养殖污水生态处理技术研究等。
333    @a禽畜粪便处理控制系统研究人员
510 1  @aResearch on prevention and control system of livestock and poultry excreta@zeng
606 0  @a畜禽@x粪便污染@x农业系统@x控制系统@x研究
606 0  @a畜禽
606 0  @a粪便污染
606 0  @a农业系统
606 0  @a控制系统
690    @aX713@v5
701  0 @a柳建国@9liu jian guo@4编著
801  0 @aCN@b人天书店@c20131025
905    @b847129-31@dX713@e182@f3
    
    畜禽粪便污染的农业系统控制模拟及系统防控对策=Research on prevention and control system of livestock and poultry excreta/柳建国编著.-合肥:合肥工业大学出版社,2013.09
    137页:图,照片;23cm
    使用对象:禽畜粪便处理控制系统研究人员
    
    ISBN 978-7-5650-1522-9:CNY30.00
    本书共分为八章,主要内容包括:背景分析;研究方法和技术路线;农田畜禽粪便安全经济承载力研究;畜禽养殖污水生态处理技术研究等。
●
相关链接 在E读中查询图书 在五车中查询图书 在当当中查询图书 在豆瓣中查询图书


正题名:畜禽粪便污染的农业系统控制模拟及系统防控对策     索取号:X713/182         预约/预借

序号 登录号 条形码 馆藏地/架位号 状态 备注
1 847129   208471296   第二样本阅览室/ [索取号:X713/182] 在馆    
2 847130   208471303   密集书库-化学系/ [索取号:X713/182] 在馆    
3 847131   208471312   第三借阅区/ [索取号:X713/182] 在馆    
唐山师范学院图书馆 欢迎您!
大连网信软件有限公司© 版权所有